000
00400nam a22001697a 4500
003
MPLRDC
005
20220104114402.0
008
210129b ||||| |||| 00| 0 eng d
082
_a
848.4 ZGQ-2 c.2
100
_a
朱光潜
245
_a
谈美
_c
260
_a
_b
将门文物出版社
_c
1986
300
_b
平
490
_a
三人行丛书
650
_a
现代别集
942
_c
BK
_o
848.4 ZGQ-2 c.2
999
_c
7070
_d
7060